Statistics for Famous roosters

Click here to take the quiz!

General Stats

  • This quiz has been taken 6 times
  • The average score is 6 of 20

Answer Stats

Hint Answer % Correct
Mischievous Loony Tunes character with a southern accentFoghorn Leghorn
100%
Famous cereal brand with a rooster as a logoKelloggs
100%
Tremendously influential Chinese philosopherConfucius
67%
Creator of the Model-THenry Ford
67%
A founder of the US, the lightning rod and bifocalsBenjamin Franklin
50%
English actor in Spartacus, Logan's Run and Death on the NilePeter Ustinov
33%
It is also on the flag of this French speaking region of BelgiumWallonia
33%
The Gallic Rooster is a national animal of this European countryFrance
33%
Actor who's played Elizabeth I and GaladrielCate Blanchett
17%
Composer of 'Blue Danube'Johan Strauss II
17%
Starred in 'The Philadelphia Story' and 'Rooster Cogburn'Katharine Hepburn
17%
The 'first lady of the world'Eleanor Roosevelt
17%
Founder of the Tang DynastyEmperor Gaozu
0%
The rooster is the name and symbol of this Antipodean city's rugby league teamSydney
0%
"When music hits you, you feel no pain"Bob Marley
0%
The rooster is a symbol of this Turkish cityDenizli
0%
The grumpy old rooster in the film 'Chicken Run'Fowler
0%
And the dashing Rhode Island red rooster in the same filmRocky
0%
The black rooster is the symbol of this Tuscan wineChianti Classico
0%
A legendary creature that hatches from an egg layed by a roosterCockatrice
0%

Score Distribution

Percentile by Number Answered

Percent of People with Each Score

Your Score History

You have not taken this quiz